000 01020nam0a22003011 4500
001 v19\rc\1677483
005 20250619015525.0
035 _a(NLR Aleph) 004783985
090 _a4685284
_c4685284
100 _a20061002d1900 |||y0rusy50 ca
101 0 _arus
102 _aRU
105 _ay z |||a|
200 1 _aЧудеса в решете
_e[Рассказ
205 _a2-е изд.
210 _aСанкт-Петербург]
_cВ.А. Березовский
_d1900
215 _a14 с.
_d17
225 1 _aСолдатская библиотека
_v4-й комплект. № 79
300 _aПеред. загл. авт.: К. Тхоржевский; на обл. не указан
700 1 _aТхоржевский
_bК.В.
_f1858-1896
_gКорнелий Владиславович
801 0 _aRU
_bNLR
_gpsbo
801 0 _aRU
_bRuMoRGB
_2psbo
801 1 _aRU
_bProSoft-M
_2rusmarc
852 _aNLR
_j20.96.5.438
899 _aRuMoRGB
_jE 93/354 (№ 79)
899 _aБАН
942 _cBOOK
980 _aNB